| 000 | 00636nam a2200193 a 4500 | ||
|---|---|---|---|
| 001 | 000025315 | ||
| 005 | 20200930023713.0 | ||
| 008 | 110214s1997 ec a r 000 0 spa d | ||
| 020 | _a9978043144 | ||
| 040 |
_aDO-SdBNP _bspa _cBNPHU |
||
| 082 |
_aNNN _bM948v |
||
| 100 | 1 |
_aMuergueytio, José _951854 |
|
| 245 | 1 | 0 |
_aLa verdadera historia del tiempo : _b(de la explosión del neolítico a los nudos y los agujeros negros) / _cJosé Muergueytio, Marcos Guerrero. |
| 260 |
_aQuito, Ecuador : _bAbya-Yala, _c1997. |
||
| 300 |
_a262 p. ; _c22 cm. |
||
| 504 | _aIncluye bibliografía. | ||
| 700 | 1 |
_aGuerrero, Marcos _951855 |
|
| 049 | _aBNGR | ||
| 999 |
_c24808 _d24808 |
||